<?xml version="1.0" encoding="UTF-8"?>
<collection xmlns="http://www.loc.gov/MARC21/slim">
  <record>
    <leader>00000nam  2200000   4500</leader>
    <controlfield tag="001">INLIS000000000810219</controlfield>
    <controlfield tag="005">20251116011536</controlfield>
    <datafield tag="035" ind1="#" ind2="#">
      <subfield code="a">0010-1125000073</subfield>
    </datafield>
    <datafield tag="245" ind1="#" ind2="#">
      <subfield code="a">Risalah Ilmiyyah Dalam Mengenal :</subfield>
      <subfield code="b">Iqtishaadiyyah islamiyah ( ekonomi Islam ) /</subfield>
      <subfield code="c">Abdul hakim bin Amir abdat</subfield>
    </datafield>
    <datafield tag="300" ind1="#" ind2="#">
      <subfield code="a">214 hlm ;</subfield>
      <subfield code="c">24 cm</subfield>
    </datafield>
    <datafield tag="260" ind1="#" ind2="#">
      <subfield code="a">Jakarta : :</subfield>
      <subfield code="b">Mu'awiyah bin abi sufyan,</subfield>
      <subfield code="c">2010</subfield>
    </datafield>
    <datafield tag="082" ind1="#" ind2="#">
      <subfield code="a">297.630 ABD</subfield>
    </datafield>
    <datafield tag="084" ind1="#" ind2="#">
      <subfield code="a">297.630 ABD r</subfield>
    </datafield>
  </record>
</collection>
